| 000 | 00887nam a22002057a 4500 | ||
|---|---|---|---|
| 999 |
_c7412 _d7412 |
||
| 003 | AR-CdUCM | ||
| 008 | 190320b ||||| |||| 00| 0 spa d | ||
| 040 |
_aMUNICIPALIDAD PROVINCIAL DEL CUSCO _cBIBLIOTECA MUNICIPAL DEL CUSCO |
||
| 082 |
_a342.1 / _bM92 |
||
| 100 |
_aMuelle Góngora, Edgar _920904 |
||
| 245 | _aDerechos humanos en el derecho internacional / | ||
| 260 |
_aCusco : _bMercantil, _c1997. |
||
| 300 |
_a315 páginas ; _c21 cm. |
||
| 505 | _aContenido: Los derechos humanos y las naciones unidas -- Los derechos humanos en Europa -- Los derechos humanos en América -- Los derechos humanos en África -- Los derechos de la mujer -- Los derechos del Niño -- El derecho de asilo y los refugiados ... | ||
| 650 |
_aDerecho internacional _95497 |
||
| 650 |
_aDerechos Humanos _93264 |
||
| 650 |
_aDD.HH - América latina _920905 |
||
| 942 |
_2ddc _cLIBROS |
||
| 945 | _alccs | ||